[Event "Poznan Chess Festival"]
[Site "chess24.com"]
[Date "2021.08.17"]
[Round "4"]
[White "Gluszynski, Michal"]
[Black "Czyzewski, Olgierd"]
[Result "1-0"]
[Board "40"]
[WhiteElo "1302"]
[WhiteCountry "POL"]
[WhiteFideId "21858500"]
[WhiteEloChange "5"]
[BlackElo "1104"]
[BlackCountry "POL"]
[BlackFideId "21899690"]
[BlackEloChange "-5"]

1. c4 {[%clk 1:30:30]} Nf6 {[%clk 1:30:30]} 2. g3 {[%clk 1:30:30]} g6 {[%clk
1:30:30]} 3. Bg2 {[%clk 1:30:30]} Bg7 {[%clk 1:30:30]} 4. Nc3 {[%clk 1:30:30]}
O-O {[%clk 1:30:30]} 5. Nf3 {[%clk 1:30:30]} d6 {[%clk 1:30:30]} 6. d4 {[%clk
1:30:30]} Nc6 {[%clk 1:30:30]} 7. O-O {[%clk 1:30:30]} a6 {[%clk 1:30:30]} 8. e4
{[%clk 1:30:30]} Rb8 {[%clk 1:30:30]} 9. a4 {[%clk 1:30:30]} Bd7 {[%clk 1:30:30]}
10. h3 {[%clk 1:30:30]} Nb4 {[%clk 1:30:30]} 11. a5 {[%clk 1:30:30]} b5 {[%clk
1:30:30]} 12. axb6 {[%clk 1:30:30]} cxb6 {[%clk 1:30:30]} 13. Qb3 {[%clk
1:30:30]} a5 {[%clk 1:30:30]} 14. Be3 {[%clk 1:30:30]} Qc8 {[%clk 1:30:30]} 15.
Kh2 {[%clk 1:30:30]} Ne8 {[%clk 1:30:30]} 16. Nd5 {[%clk 1:30:30]} Nxd5 {[%clk
1:30:30]} 17. cxd5 {[%clk 1:30:30]} e5 {[%clk 1:30:30]} 18. Rfc1 {[%clk 1:30:30]}
Qb7 {[%clk 1:30:30]} 19. dxe5 {[%clk 1:30:30]} dxe5 {[%clk 1:30:30]} 20. Nd2
{[%clk 1:30:30]} Nd6 {[%clk 1:30:30]} 21. Bf1 {[%clk 1:30:30]} f5 {[%clk
1:30:30]} 22. f3 {[%clk 1:30:30]} f4 {[%clk 1:30:30]} 23. Bf2 {[%clk 1:30:30]} h5
{[%clk 1:30:30]} 24. Nc4 {[%clk 1:30:30]} Nxc4 {[%clk 1:30:30]} 25. Bxc4 {[%clk
1:30:30]} Kh7 {[%clk 1:30:30]} 26. d6 {[%clk 1:30:30]} a4 {[%clk 1:30:30]} 27.
Qb4 {[%clk 1:30:30]} fxg3+ {[%clk 1:30:30]} 28. Kxg3 {[%clk 1:30:30]} Bh6 {[%clk
1:27:54]} 29. Bd5 {[%clk 1:30:30]} Bf4+ {[%clk 1:27:54]} 30. Kg2 {[%clk 1:30:30]}
Qa6 {[%clk 1:27:54]} 31. Rc7 {[%clk 1:30:30]} Rbd8 {[%clk 1:27:54]} 32. Rxa4
{[%clk 1:30:30]} Qe2 {[%clk 1:27:54]} 33. Bc4 {[%clk 1:30:30]} Qd1 {[%clk
1:27:54]} 34. Raa7 {[%clk 1:30:30]} Bg3 {[%clk 1:27:54]} 35. Rxd7+ {[%clk
1:30:30]} Rxd7 {[%clk 1:27:54]} 36. Rxd7+ {[%clk 1:30:30]} Kh6 {[%clk 1:27:54]}
37. Bxg3 {[%clk 1:30:30]} Qxf3+ {[%clk 1:27:54]} 38. Kh2 {[%clk 1:30:30]} Qe3
{[%clk 1:27:54]} 39. Qe1 {[%clk 1:30:30]} Qd4 {[%clk 1:27:54]} 40. Qe2 {[%clk
1:30:30]} g5 {[%clk 1:27:54]} 41. Rf7 {[%clk 1:30:30]} Ra8 {[%clk 1:27:54]} 42.
Qf2 {[%clk 1:30:30]} 1-0

[Event "Poznan Chess Festival"]
[Site "chess24.com"]
[Date "2021.08.17"]
[Round "4"]
[White "Rusinski, Mateusz"]
[Black "Lesien, Chryzostom"]
[Result "1-0"]
[Board "45"]
[WhiteElo "1798"]
[WhiteCountry "POL"]
[WhiteFideId "1144251"]
[WhiteEloChange "2"]
[BlackElo "1063"]
[BlackCountry "POL"]
[BlackFideId "21836892"]
[BlackEloChange "-2"]

1. e4 {[%clk 1:30:30]} e5 {[%clk 1:30:30]} 2. Nf3 {[%clk 1:30:30]} d6 {[%clk
1:30:30]} 3. d4 {[%clk 1:30:30]} exd4 {[%clk 1:30:30]} 4. Nxd4 {[%clk 1:30:30]}
Nc6 {[%clk 1:30:30]} 5. Nc3 {[%clk 1:30:30]} Nxd4 {[%clk 1:30:30]} 6. Qxd4 {[%clk
1:30:30]} Nf6 {[%clk 1:30:30]} 7. Bc4 {[%clk 1:30:30]} c5 {[%clk 1:30:30]} 8. Qd3
{[%clk 1:30:30]} a6 {[%clk 1:30:30]} 9. a4 {[%clk 1:30:30]} Be6 {[%clk 1:30:30]}
10. O-O {[%clk 1:30:30]} Bxc4 {[%clk 1:30:30]} 11. Qxc4 {[%clk 1:30:30]} Qd7
{[%clk 1:30:30]} 12. a5 {[%clk 1:30:30]} Be7 {[%clk 1:30:30]} 13. Bg5 {[%clk
1:30:30]} h6 {[%clk 1:30:30]} 14. Bxf6 {[%clk 1:30:30]} Bxf6 {[%clk 1:30:30]} 15.
Nd5 {[%clk 1:30:30]} Rb8 {[%clk 1:30:30]} 16. c3 {[%clk 1:30:30]} Bd8 {[%clk
1:30:30]} 17. Rfd1 Qe6 {[%clk 1:30:30]} 18. Qd3 O-O {[%clk 1:30:30]} 19. g3 Bg5
{[%clk 1:30:30]} 20. h4 Bf6 {[%clk 1:30:30]} 21. Nxf6+ Qxf6 {[%clk 1:30:30]} 22.
Qxd6 Qxd6 {[%clk 1:30:30]} 23. Rxd6 Rbd8 {[%clk 1:30:30]} 24. Rad1 Rxd6 {[%clk
1:30:30]} 25. Rxd6 Re8 {[%clk 1:30:30]} 26. f3 Rb8 {[%clk 1:30:30]} 27. Kf2 Kf8
{[%clk 1:30:30]} 28. Rd7 b6 {[%clk 1:30:30]} 29. axb6 Rxb6 {[%clk 1:30:30]} 30.
Rd2 Ke7 {[%clk 1:30:30]} 31. Ke3 a5 {[%clk 1:30:30]} 32. Kd3 Rd6+ {[%clk
1:30:30]} 33. Kc2 Rb6 {[%clk 1:30:30]} 34. Rd5 Rc6 {[%clk 1:30:30]} 35. Kd3 c4+
{[%clk 1:30:30]} 36. Kd4 Rb6 {[%clk 1:30:30]} 37. Rxa5 Rxb2 {[%clk 1:30:30]} 38.
Rc5 Rd2+ {[%clk 1:30:30]} 39. Kxc4 f6 {[%clk 1:30:30]} 40. Rd5 Rf2 {[%clk
1:30:30]} 41. Rd3 Rg2 {[%clk 1:30:30]} 42. f4 Re2 {[%clk 1:30:30]} 43. Kd5 Ra2
{[%clk 1:30:59]} 44. c4 Ra5+ {[%clk 1:30:59]} 45. c5 g6 {[%clk 1:30:59]} 46. Rb3
f5 {[%clk 1:30:59]} 47. Rb7+ Kf6 {[%clk 1:30:59]} 48. e5# 1-0

[Event "Poznan Chess Festival"]
[Site "chess24.com"]
[Date "2021.08.17"]
[Round "4"]
[White "Klapec, Adam"]
[Black "Nicikowski, Jozef"]
[Result "0-1"]
[Board "46"]
[WhiteElo "1159"]
[WhiteCountry "POL"]
[WhiteFideId "21881162"]
[WhiteEloChange "-5"]
[BlackElo "1372"]
[BlackCountry "POL"]
[BlackFideId "21816468"]
[BlackEloChange "5"]

1. e4 {[%clk 1:30:30]} d5 {[%clk 1:30:30]} 2. exd5 {[%clk 1:30:30]} Nf6 {[%clk
1:30:30]} 3. Nf3 {[%clk 1:30:30]} Nxd5 {[%clk 1:30:30]} 4. d4 {[%clk 1:30:30]}
Nc6 {[%clk 1:30:30]} 5. c4 {[%clk 1:30:30]} Nb6 {[%clk 1:30:30]} 6. Nc3 {[%clk
1:30:30]} Bg4 {[%clk 1:30:30]} 7. Be2 {[%clk 1:30:30]} e6 {[%clk 1:30:30]} 8. b3
{[%clk 1:30:30]} Bb4 {[%clk 1:30:30]} 9. Bb2 {[%clk 1:30:30]} O-O {[%clk
1:30:30]} 10. O-O {[%clk 1:30:30]} a5 {[%clk 1:30:30]} 11. Nb5 {[%clk 1:30:30]}
Be7 {[%clk 1:30:30]} 12. h3 {[%clk 1:30:30]} Bh5 {[%clk 1:30:30]} 13. Qc2 {[%clk
1:30:30]} Nb4 {[%clk 1:30:30]} 14. Qd2 {[%clk 1:30:30]} Bg6 {[%clk 1:30:30]} 15.
Ba3 {[%clk 1:30:30]} c6 {[%clk 1:30:30]} 16. Nc3 {[%clk 1:30:30]} Bf6 {[%clk
1:30:30]} 17. Bxb4 {[%clk 1:30:30]} axb4 {[%clk 1:30:30]} 18. Nd1 {[%clk
1:30:30]} c5 {[%clk 1:30:30]} 19. Ne3 {[%clk 1:30:30]} cxd4 {[%clk 1:30:30]} 20.
Ng4 {[%clk 1:30:30]} d3 {[%clk 1:30:30]} 21. Nxf6+ {[%clk 1:30:30]} Qxf6 {[%clk
1:30:30]} 22. Bxd3 {[%clk 1:30:30]} Rfd8 {[%clk 1:30:30]} 23. Qxb4 {[%clk
1:30:30]} Bxd3 {[%clk 1:30:30]} 24. Qxb6 {[%clk 1:30:30]} Bxf1 {[%clk 1:30:30]}
25. Rxf1 {[%clk 1:30:30]} Qe7 {[%clk 1:30:30]} 26. a4 {[%clk 1:30:30]} Ra6 {[%clk
1:30:30]} 27. Qb5 {[%clk 1:30:30]} h6 {[%clk 1:30:30]} 28. c5 {[%clk 1:30:30]}
Rda8 {[%clk 1:30:30]} 29. Rd1 {[%clk 1:30:30]} Ra5 {[%clk 1:30:30]} 30. Qd7
{[%clk 1:30:30]} Qxc5 {[%clk 1:30:30]} 31. Qxb7 {[%clk 1:30:30]} R5a7 {[%clk
1:30:30]} 32. Qe4 {[%clk 1:30:30]} Rb8 {[%clk 1:30:30]} 33. Nd4 {[%clk 1:30:30]}
Rd7 {[%clk 1:30:30]} 34. Rd3 {[%clk 1:30:59]} Qc1+ {[%clk 1:30:30]} 35. Kh2
{[%clk 1:30:59]} Qf1 {[%clk 1:30:30]} 36. Qf3 {[%clk 1:30:59]} Rbd8 {[%clk
1:30:30]} 37. Rd1 {[%clk 1:30:59]} Qa6 {[%clk 1:30:30]} 38. Nc6 {[%clk 1:30:59]}
Rxd1 {[%clk 1:30:30]} 39. Ne7+ {[%clk 1:30:59]} Kh8 {[%clk 1:30:30]} 40. Qxf7
{[%clk 1:30:59]} Qd6+ {[%clk 1:30:30]} 41. f4 {[%clk 1:30:59]} Rf1 {[%clk
1:30:30]} 42. Ng6+ {[%clk 1:30:59]} Kh7 {[%clk 1:30:30]} 43. a5 {[%clk 1:30:59]}
Qc5 {[%clk 1:30:30]} 44. Nh4 {[%clk 1:30:59]} Qg1+ {[%clk 1:30:30]} 45. Kg3
{[%clk 1:30:59]} Rd3+ {[%clk 1:30:30]} 46. Kg4 {[%clk 1:30:59]} Rxf4+ {[%clk
1:30:30]} 47. Kxf4 {[%clk 1:30:59]} Qd4# {[%clk 1:30:30]} 0-1

[Event "Poznan Chess Festival"]
[Site "chess24.com"]
[Date "2021.08.17"]
[Round "4"]
[White "Podobinski, Piotr"]
[Black "Korzystka, Wiktor"]
[Result "0-1"]
[Board "47"]
[WhiteElo "1130"]
[WhiteCountry "POL"]
[WhiteFideId "21063141"]
[WhiteEloChange "-5"]
[BlackElo "1303"]
[BlackCountry "POL"]
[BlackFideId "21842787"]
[BlackEloChange "5"]

1. d4 {[%clk 1:30:30]} f5 {[%clk 1:30:30]} 2. e4 {[%clk 1:30:30]} fxe4 {[%clk
1:30:30]} 3. Nc3 {[%clk 1:30:30]} Nf6 {[%clk 1:30:30]} 4. Bf4 {[%clk 1:30:30]} g6
{[%clk 1:30:30]} 5. Qd2 {[%clk 1:30:30]} Bg7 {[%clk 1:30:30]} 6. Be2 {[%clk
1:30:30]} O-O {[%clk 1:30:30]} 7. h4 {[%clk 1:30:30]} Qe8 {[%clk 1:30:30]} 8.
O-O-O {[%clk 1:30:30]} d6 {[%clk 1:30:30]} 9. Nh3 {[%clk 1:30:30]} Nc6 {[%clk
1:30:30]} 10. Nb5 {[%clk 1:30:30]} Bxh3 {[%clk 1:30:30]} 11. Nxc7 {[%clk
1:30:30]} Qd8 {[%clk 1:30:30]} 12. Nxa8 {[%clk 1:30:30]} Bd7 {[%clk 1:30:30]} 13.
c3 {[%clk 1:30:30]} Qxa8 {[%clk 1:30:30]} 14. h5 {[%clk 1:30:30]} gxh5 {[%clk
1:30:30]} 15. Bxh5 {[%clk 1:30:30]} Nxh5 {[%clk 1:30:30]} 16. Rxh5 {[%clk
1:30:30]} Bg4 {[%clk 1:30:30]} 17. Rdh1 {[%clk 1:30:30]} Bxh5 {[%clk 1:30:30]}
18. Rxh5 {[%clk 1:30:30]} Qe8 {[%clk 1:30:30]} 19. Rh3 {[%clk 1:30:30]} e5 {[%clk
1:30:30]} 20. Bh6 {[%clk 1:30:30]} Rf7 {[%clk 1:30:30]} 21. Rg3 {[%clk 1:30:30]}
exd4 {[%clk 1:30:30]} 22. Rxg7+ {[%clk 1:30:30]} Rxg7 {[%clk 1:30:30]} 23. Bxg7
{[%clk 1:30:30]} Kxg7 {[%clk 1:30:30]} 24. Qg5+ {[%clk 1:30:30]} Qg6 {[%clk
1:30:30]} 25. Qb5 {[%clk 1:30:30]} Kf6 {[%clk 1:30:30]} 26. Qxb7 {[%clk 1:30:30]}
Qh6+ {[%clk 1:30:30]} 27. Kc2 {[%clk 1:30:30]} d3+ {[%clk 1:30:30]} 28. Kd1
{[%clk 1:30:30]} Qh5+ {[%clk 1:30:30]} 29. Kd2 {[%clk 1:30:30]} Qe2+ {[%clk
1:30:30]} 0-1

[Event "Poznan Chess Festival"]
[Site "chess24.com"]
[Date "2021.08.18"]
[Round "5"]
[White "Poltorak, Sebastian"]
[Black "Chojnacki, Krzysztof"]
[Result "1/2-1/2"]
[Board "1"]
[WhiteElo "2205"]
[WhiteCountry "POL"]
[WhiteFideId "1199498"]
[WhiteEloChange "5"]
[BlackElo "2381"]
[BlackTitle "IM"]
[BlackCountry "POL"]
[BlackFideId "1114115"]
[BlackEloChange "-5"]

1. d4 {[%clk 1:30:52]} Nf6 {[%clk 1:30:50]} 2. c4 {[%clk 1:31:09]} g6 {[%clk
1:31:11]} 3. Nc3 {[%clk 1:31:27]} Bg7 {[%clk 1:31:34]} 4. e4 {[%clk 1:31:47]} d6
{[%clk 1:31:46]} 5. f3 {[%clk 1:32:05]} O-O {[%clk 1:32:02]} 6. Nge2 {[%clk
1:32:20]} c5 {[%clk 1:31:57]} 7. d5 {[%clk 1:32:34]} e6 {[%clk 1:32:01]} 8. Ng3
{[%clk 1:32:39]} exd5 {[%clk 1:31:01]} 9. cxd5 {[%clk 1:32:56]} h5 {[%clk
1:30:59]} 10. Bg5 {[%clk 1:32:59]} Qb6 {[%clk 1:30:36]} 11. Qd2 {[%clk 1:27:42]}
Nh7 {[%clk 1:23:50]} 12. Be3 {[%clk 1:12:02]} a6 {[%clk 1:20:28]} 13. a4 {[%clk
1:07:15]} Qa5 {[%clk 1:18:56]} 14. Ra3 {[%clk 1:06:45]} Nd7 {[%clk 1:17:37]} 15.
Bd3 {[%clk 1:00:41]} Ne5 {[%clk 1:11:17]} 16. O-O {[%clk 0:55:43]} Qd8 {[%clk
1:08:21]} 17. Nh1 {[%clk 0:41:00]} Bd7 {[%clk 1:01:16]} 18. a5 {[%clk 0:39:36]}
b5 {[%clk 0:50:40]} 19. axb6 {[%clk 0:39:56]} Qxb6 {[%clk 0:50:48]} 20. Rb1
{[%clk 0:33:26]} Nxd3 {[%clk 0:46:31]} 21. Qxd3 {[%clk 0:33:12]} a5 {[%clk
0:46:52]} 22. Nf2 {[%clk 0:29:38]} f5 {[%clk 0:44:46]} 23. exf5 {[%clk 0:28:21]}
Bxf5 {[%clk 0:42:56]} 24. Nfe4 {[%clk 0:26:54]} Kh8 {[%clk 0:40:57]} 25. Qd2
{[%clk 0:25:52]} Nf6 {[%clk 0:36:25]} 26. Bh6 {[%clk 0:20:11]} Bxe4 {[%clk
0:33:26]} 27. Nxe4 {[%clk 0:18:56]} Nxe4 {[%clk 0:32:20]} 28. Bxg7+ {[%clk
0:19:22]} Kxg7 {[%clk 0:32:44]} 29. fxe4 {[%clk 0:19:49]} Qb4 {[%clk 0:26:18]}
30. Qc3+ {[%clk 0:08:07]} Kh7 {[%clk 0:12:42]} 31. Re1 {[%clk 0:07:48]} Rfe8
{[%clk 0:11:47]} 32. Rb3 {[%clk 0:06:02]} Qxc3 {[%clk 0:11:54]} 33. Rxc3 {[%clk
0:06:24]} Rab8 {[%clk 0:11:02]} 34. Re2 {[%clk 0:05:17]} Rb4 {[%clk 0:10:26]} 35.
Rce3 {[%clk 0:04:59]} Kg7 {[%clk 0:10:05]} 36. e5 {[%clk 0:04:10]} Rxe5 {[%clk
0:09:32]} 37. Rxe5 {[%clk 0:04:36]} dxe5 {[%clk 0:09:58]} 38. Rxe5 {[%clk
0:04:11]} Rxb2 {[%clk 0:10:16]} 39. d6 {[%clk 0:04:34]} Rd2 {[%clk 0:10:20]} 40.
Rxc5 {[%clk 0:04:58]} Rxd6 {[%clk 0:10:46]} 41. Rxa5 {[%clk 0:05:24]} 1/2-1/2

[Event "Poznan Chess Festival"]
[Site "chess24.com"]
[Date "2021.08.18"]
[Round "5"]
[White "Niekras, Dawid"]
[Black "Piotrowski, Pawel"]
[Result "1-0"]
[Board "2"]
[WhiteElo "2289"]
[WhiteTitle "FM"]
[WhiteCountry "POL"]
[WhiteFideId "1160451"]
[WhiteEloChange "4"]
[BlackElo "2067"]
[BlackCountry "POL"]
[BlackFideId "1184415"]
[BlackEloChange "-4"]

1. e4 {[%clk 1:30:58]} e6 {[%clk 1:29:12]} 2. d4 {[%clk 1:31:22]} d5 {[%clk
1:29:35]} 3. Nc3 {[%clk 1:31:43]} Bb4 {[%clk 1:28:48]} 4. e5 {[%clk 1:31:57]} c5
{[%clk 1:28:54]} 5. a3 {[%clk 1:32:16]} Bxc3+ {[%clk 1:29:06]} 6. bxc3 {[%clk
1:32:39]} Qc7 {[%clk 1:29:08]} 7. Qg4 {[%clk 1:32:10]} f5 {[%clk 1:29:27]} 8.
exf6 {[%clk 1:31:07]} Nxf6 {[%clk 1:29:51]} 9. Qg3 {[%clk 1:31:31]} Qxg3 {[%clk
1:29:58]} 10. hxg3 {[%clk 1:31:54]} O-O {[%clk 1:27:17]} 11. f3 {[%clk 1:19:49]}
b6 {[%clk 1:27:31]} 12. a4 {[%clk 1:16:07]} Ba6 {[%clk 1:27:37]} 13. Bb5 {[%clk
1:16:28]} Rc8 {[%clk 1:25:19]} 14. Kd1 {[%clk 1:11:18]} Bxb5 {[%clk 1:21:23]} 15.
axb5 {[%clk 1:10:41]} cxd4 {[%clk 1:17:38]} 16. cxd4 {[%clk 1:11:03]} Rc4 {[%clk
1:17:48]} 17. Ne2 {[%clk 0:58:10]} Rb4 {[%clk 1:16:30]} 18. g4 {[%clk 0:57:48]}
Rxb5 {[%clk 1:15:25]} 19. Nf4 {[%clk 0:49:01]} Rb4 {[%clk 1:04:54]} 20. Nxe6
{[%clk 0:43:59]} Rc4 {[%clk 1:04:24]} 21. Bd2 {[%clk 0:34:39]} Nc6 {[%clk
1:03:59]} 22. c3 {[%clk 0:34:53]} a6 {[%clk 0:55:48]} 23. g5 {[%clk 0:32:14]} Ne8
{[%clk 0:53:25]} 24. Ke2 {[%clk 0:19:31]} b5 {[%clk 0:48:43]} 25. Kd3 {[%clk
0:16:29]} a5 {[%clk 0:46:05]} 26. Rab1 {[%clk 0:12:16]} Rb8 {[%clk 0:41:58]} 27.
Nf4 {[%clk 0:08:00]} Nc7 {[%clk 0:42:18]} 28. g6 {[%clk 0:08:16]} hxg6 {[%clk
0:32:52]} 29. Nxg6 {[%clk 0:08:40]} Kf7 {[%clk 0:33:18]} 30. Nf4 {[%clk 0:07:19]}
Ra4 {[%clk 0:33:44]} 31. Rh5 {[%clk 0:07:17]} Ne7 {[%clk 0:31:39]} 32. Kc2 {[%clk
0:04:16]} b4 {[%clk 0:27:53]} 33. cxb4 {[%clk 0:04:40]} axb4 {[%clk 0:27:11]} 34.
Nd3 {[%clk 0:04:48]} Ra2+ {[%clk 0:24:46]} 35. Kd1 {[%clk 0:01:32]} Nc6 {[%clk
0:21:34]} 36. Rc1 {[%clk 0:00:54]} Rb6 {[%clk 0:14:05]} 37. Ne5+ {[%clk 0:00:40]}
Nxe5 {[%clk 0:13:13]} 38. Rxc7+ {[%clk 0:01:08]} Kg6 {[%clk 0:13:39]} 39. Rg5+
{[%clk 0:01:19]} 1-0

[Event "Poznan Chess Festival"]
[Site "chess24.com"]
[Date "2021.08.18"]
[Round "5"]
[White "Chaczynski, Kamil"]
[Black "Nowak, Mikolaj"]
[Result "1/2-1/2"]
[Board "3"]
[WhiteElo "2040"]
[WhiteCountry "POL"]
[WhiteFideId "21807906"]
[WhiteEloChange "7"]
[BlackElo "2313"]
[BlackCountry "POL"]
[BlackFideId "1191365"]
[BlackEloChange "-7"]

1. e4 {[%clk 1:30:58]} e5 {[%clk 1:30:22]} 2. Nf3 {[%clk 1:31:23]} Nc6 {[%clk
1:30:47]} 3. Bb5 {[%clk 1:31:38]} a6 {[%clk 1:31:11]} 4. Ba4 {[%clk 1:32:05]} Nf6
{[%clk 1:31:34]} 5. O-O {[%clk 1:32:30]} Be7 {[%clk 1:31:54]} 6. Re1 {[%clk
1:32:56]} b5 {[%clk 1:32:16]} 7. Bb3 {[%clk 1:33:25]} d6 {[%clk 1:32:35]} 8. c3
{[%clk 1:33:52]} O-O {[%clk 1:32:57]} 9. h3 {[%clk 1:34:19]} Nd7 {[%clk 1:33:22]}
10. a4 {[%clk 1:31:20]} Rb8 {[%clk 1:33:24]} 11. axb5 {[%clk 1:31:21]} axb5
{[%clk 1:33:43]} 12. d4 {[%clk 1:30:02]} Bf6 {[%clk 1:34:04]} 13. Be3 {[%clk
1:25:11]} Nb6 {[%clk 1:33:20]} 14. Nbd2 {[%clk 1:22:49]} Bd7 {[%clk 1:32:40]} 15.
Ra6 {[%clk 1:15:19]} exd4 {[%clk 1:23:28]} 16. Nxd4 {[%clk 1:08:48]} Ne5 {[%clk
1:12:58]} 17. Qe2 {[%clk 1:02:07]} c5 {[%clk 0:55:08]} 18. N4f3 {[%clk 1:00:08]}
Nc6 {[%clk 0:51:52]} 19. Bf4 {[%clk 0:59:27]} Qc7 {[%clk 0:29:19]} 20. Nf1 {[%clk
0:58:36]} Ne5 {[%clk 0:24:29]} 21. Ne3 {[%clk 0:44:35]} Qb7 {[%clk 0:19:52]} 22.
Raa1 {[%clk 0:34:28]} Qxe4 {[%clk 0:11:23]} 23. Bxe5 {[%clk 0:23:23]} dxe5 {[%clk
0:10:00]} 24. Bc2 {[%clk 0:22:32]} Qc6 {[%clk 0:09:22]} 25. Ng4 {[%clk 0:22:05]}
Bxg4 {[%clk 0:08:35]} 26. hxg4 {[%clk 0:22:34]} g6 {[%clk 0:08:14]} 27. Be4
{[%clk 0:19:26]} Qd7 {[%clk 0:05:47]} 28. g5 {[%clk 0:19:47]} Bg7 {[%clk
0:06:09]} 29. Nh2 {[%clk 0:16:42]} c4 {[%clk 0:05:04]} 30. Ng4 {[%clk 0:14:22]}
Na4 {[%clk 0:04:00]} 31. g3 {[%clk 0:06:41]} Rfd8 {[%clk 0:04:03]} 32. Ne3 {[%clk
0:05:17]} Qe7 {[%clk 0:03:27]} 33. Qg4 {[%clk 0:05:14]} Nc5 {[%clk 0:03:21]} 34.
Bd5 {[%clk 0:04:28]} Rb6 {[%clk 0:02:19]} 35. Kg2 {[%clk 0:03:17]} Rbd6 {[%clk
0:02:28]} 36. Ra8 {[%clk 0:01:59]} Rxa8 {[%clk 0:02:18]} 37. Bxa8 {[%clk
0:02:28]} Qd8 {[%clk 0:02:32]} 38. Ra1 {[%clk 0:01:40]} h5 {[%clk 0:02:00]} 39.
gxh6 {[%clk 0:01:14]} 1/2-1/2

[Event "Poznan Chess Festival"]
[Site "chess24.com"]
[Date "2021.08.18"]
[Round "5"]
[White "Maj, Pawel"]
[Black "Wesolowski, Edgar"]
[Result "1-0"]
[Board "4"]
[WhiteElo "2113"]
[WhiteCountry "POL"]
[WhiteFideId "21818290"]
[WhiteEloChange "6"]
[BlackElo "1975"]
[BlackCountry "POL"]
[BlackFideId "1138022"]
[BlackEloChange "-6"]

1. Nf3 {[%clk 1:30:57]} c5 {[%clk 1:30:33]} 2. g3 {[%clk 1:31:21]} Nc6 {[%clk
1:30:55]} 3. Bg2 {[%clk 1:31:44]} g6 {[%clk 1:31:19]} 4. O-O {[%clk 1:31:31]} Bg7
{[%clk 1:31:46]} 5. c3 {[%clk 1:29:14]} d5 {[%clk 1:31:48]} 6. d4 {[%clk
1:24:37]} c4 {[%clk 1:32:15]} 7. b3 {[%clk 1:23:11]} cxb3 {[%clk 1:24:50]} 8.
axb3 {[%clk 1:23:15]} Bg4 {[%clk 1:24:41]} 9. Nbd2 {[%clk 1:19:11]} e5 {[%clk
1:23:06]} 10. dxe5 {[%clk 1:17:59]} Nxe5 {[%clk 1:23:25]} 11. Bb2 {[%clk
1:14:17]} Ne7 {[%clk 1:22:26]} 12. Nxe5 {[%clk 1:12:39]} Bxe5 {[%clk 1:22:52]}
13. h3 {[%clk 1:11:23]} Be6 {[%clk 1:23:19]} 14. Nf3 {[%clk 1:10:16]} Bf6 {[%clk
1:22:37]} 15. Nd4 {[%clk 1:07:47]} Nc6 {[%clk 1:21:06]} 16. Nxe6 {[%clk 0:53:40]}
fxe6 {[%clk 1:21:32]} 17. e4 {[%clk 0:49:44]} d4 {[%clk 1:16:40]} 18. e5 {[%clk
0:48:59]} Nxe5 {[%clk 1:14:30]} 19. cxd4 {[%clk 0:48:51]} Nc6 {[%clk 1:14:11]}
20. Qg4 {[%clk 0:45:58]} Kf7 {[%clk 1:14:07]} 21. Rfe1 {[%clk 0:44:53]} Re8
{[%clk 1:14:19]} 22. Rad1 {[%clk 0:43:17]} h5 {[%clk 1:14:14]} 23. Qe4 {[%clk
0:39:54]} Qb6 {[%clk 1:12:52]} 24. d5 {[%clk 0:38:01]} Bxb2 {[%clk 1:12:48]} 25.
dxc6 {[%clk 0:37:48]} Re7 {[%clk 1:10:33]} 26. Rd7 {[%clk 0:33:59]} Qxc6 {[%clk
1:07:06]} 27. Qf4+ {[%clk 0:34:16]} 1-0

[Event "Poznan Chess Festival"]
[Site "chess24.com"]
[Date "2021.08.18"]
[Round "5"]
[White "Zakrzewski, Marek"]
[Black "Trybowska, Barbara"]
[Result "1-0"]
[Board "5"]
[WhiteElo "2295"]
[WhiteTitle "FM"]
[WhiteCountry "POL"]
[WhiteFideId "1170694"]
[WhiteEloChange "2"]
[BlackElo "1807"]
[BlackCountry "POL"]
[BlackFideId "1172956"]
[BlackEloChange "-2"]

1. c4 {[%clk 1:30:56]} e5 {[%clk 1:30:55]} 2. Nc3 {[%clk 1:31:18]} Nf6 {[%clk
1:31:18]} 3. e3 {[%clk 1:31:21]} Bb4 {[%clk 1:31:07]} 4. Nge2 {[%clk 1:30:18]}
Nc6 {[%clk 1:30:07]} 5. a3 {[%clk 1:30:22]} Bxc3 {[%clk 1:27:44]} 6. Nxc3 {[%clk
1:30:43]} d5 {[%clk 1:26:36]} 7. cxd5 {[%clk 1:31:04]} Nxd5 {[%clk 1:26:58]} 8.
Qc2 {[%clk 1:30:41]} Nxc3 {[%clk 1:23:35]} 9. Qxc3 {[%clk 1:20:24]} O-O {[%clk
1:17:30]} 10. Be2 {[%clk 1:17:56]} Qd5 {[%clk 1:08:00]} 11. O-O {[%clk 1:16:17]}
Be6 {[%clk 1:05:27]} 12. b4 {[%clk 1:15:14]} Rac8 {[%clk 1:00:56]} 13. Bb2 {[%clk
1:12:48]} f6 {[%clk 0:58:59]} 14. d3 {[%clk 1:05:12]} Rfd8 {[%clk 0:55:53]} 15.
Rfd1 {[%clk 1:00:13]} Qb3 {[%clk 0:54:19]} 16. Bf3 {[%clk 0:51:06]} Qxc3 {[%clk
0:52:14]} 17. Bxc3 {[%clk 0:51:30]} Bd5 {[%clk 0:52:20]} 18. Bg4 {[%clk 0:51:40]}
Ra8 {[%clk 0:51:41]} 19. b5 {[%clk 0:42:44]} Ne7 {[%clk 0:50:42]} 20. Bb4 {[%clk
0:38:42]} Kf7 {[%clk 0:49:48]} 21. Rac1 {[%clk 0:23:53]} c6 {[%clk 0:48:34]} 22.
Rc3 {[%clk 0:21:49]} a5 {[%clk 0:40:01]} 23. Bxe7 {[%clk 0:20:22]} Kxe7 {[%clk
0:40:26]} 24. e4 {[%clk 0:20:36]} Be6 {[%clk 0:40:50]} 25. Bxe6 {[%clk 0:20:55]}
Kxe6 {[%clk 0:41:15]} 26. bxc6 {[%clk 0:21:20]} Rac8 {[%clk 0:38:59]} 27. Rdc1
{[%clk 0:20:19]} Rxc6 {[%clk 0:37:26]} 28. Rxc6+ {[%clk 0:20:43]} bxc6 {[%clk
0:37:52]} 29. Rxc6+ {[%clk 0:21:07]} Rd6 {[%clk 0:36:53]} 30. Rc3 {[%clk
0:20:07]} Rb6 {[%clk 0:36:30]} 31. Kf1 {[%clk 0:13:45]} Kd6 {[%clk 0:35:59]} 32.
Rc4 {[%clk 0:12:02]} Rc6 {[%clk 0:29:47]} 33. Ke2 {[%clk 0:12:06]} Rxc4 {[%clk
0:29:33]} 34. dxc4 {[%clk 0:12:32]} Kc5 {[%clk 0:29:58]} 35. Kd3 {[%clk 0:12:57]}
h5 {[%clk 0:28:05]} 36. Kc3 {[%clk 0:10:57]} g6 {[%clk 0:18:25]} 37. g3 {[%clk
0:04:36]} f5 {[%clk 0:17:09]} 38. exf5 {[%clk 0:04:21]} gxf5 {[%clk 0:17:32]} 39.
f3 {[%clk 0:02:30]} Kc6 {[%clk 0:08:58]} 40. f4 {[%clk 0:01:31]} e4 {[%clk
0:08:36]} 41. Kd4 {[%clk 0:01:57]} a4 {[%clk 0:06:09]} 42. h3 {[%clk 0:02:22]}
Kd6 {[%clk 0:06:33]} 43. g4 {[%clk 0:02:28]} hxg4 {[%clk 0:06:36]} 44. hxg4
{[%clk 0:02:55]} fxg4 {[%clk 0:06:59]} 45. Kxe4 {[%clk 0:03:16]} Kc5 {[%clk
0:07:18]} 46. f5 {[%clk 0:03:37]} Kxc4 {[%clk 0:07:40]} 47. f6 {[%clk 0:04:01]}
g3 {[%clk 0:07:58]} 48. Kf3 {[%clk 0:04:27]} Kb3 {[%clk 0:08:23]} 49. f7 {[%clk
0:04:53]} Kxa3 {[%clk 0:08:48]} 50. f8=Q+ {[%clk 0:05:17]} Kb3 {[%clk 0:09:13]}
51. Qb8+ {[%clk 0:05:36]} Kc3 {[%clk 0:09:31]} 52. Qc7+ {[%clk 0:05:57]} 1-0